000 01873nam a22001577a 4500
041 _aukr
080 _a09
090 _bООМ
100 _aОсипенко О.М.
245 _aФразеологічні одиниці англійської мови з компонентами- назвами елементів одягу та взуття
260 _aОстрог
_bКАФ
_c2007
300 _a65
520 _aВСТУП. РОЗДІЛ 1. ЗАГАЛЬНІ ОСОБЛИВОСТІ ФРАЗЕОЛОГІЗМІВ. 1.Еквівалентність фразеологізма слову. 2. Загальні особливості фразеологізмів. 3. Типи фразеологізмів з точки зору семантичної стійкості їх компонентів. 3.1. Фразеологічні зрощення. 3.2. Фразеологічні єдності. 3.3. Фразеологічні комбінації та фразеологічні вислови. 4. Переклад фразеологічних одиниць. РОЗДІЛ 2. АНАЛІЗ ФРАЗЕОЛОГІЗМІВ З КОМПОНЕНТАМИ- НАЗВАМИ ЕЛЕМЕНТІВ ОДЯГУ ТА ВЗУТТЯ. 1. Фразеологічні одиниці з компонентом назвою boot/shoe. 2.Фразеологічні одиниці з компонентом назвою pants. 3.Фразеологічні одиниці з компонентом назвою hat/cap. 4. Фразеологічні одиниці з компонентом назвою shirt/cuff/sleeve/collar/coat. 5.Фразеологічні одиниці з компонентом назвою sock/glove/pocket/button. ВИСНОВКИ.
_0Фразеологічні одиниці, елементи одягу та взуття.
650 _aResearch Papers
999 _c283996
_d283996
942 _cBK